000 00293nam a2200145Ia 4500
100 _aConner/Gary
942 _cRB
366 _f20
245 _aLean Manufacturing for the small shop
260 _bSme
_c2001
082 _a658.503
_bCON
300 _a258
546 _aENGLISH
999 _c33444
_d33444